[Event "Clutch Chess International"]
[Site "Saint Louis"]
[Date "2020.06.09"]
[Round "1.10"]
[White "Dominguez Perez, Leinier"]
[Black "Caruana, Fabiano"]
[Result "0-1"]
[WhiteElo "2786"]
[BlackElo "2773"]
[Annotator "TA"]
[PlyCount "75"]
[EventDate "2020.06.05"]
[EventType "k.o."]
[EventCountry "USA"]
[SourceTitle "playchess.com"]
[Source "ChessBase"]
[SourceQuality "1"]

{[%evp 9,75,3,16,0,6,6,13,0,20,18,12,-1,-8,-4,-9,-6,-10,0,0,0,0,0,2,0,0,0,0,0,0,4,-12,-28,134,121,129,131,134,115,214,20,158,149,207,219,260,122,129,81,69,68,50,-553,-462,-418,-396,-1012,-1012,-958,-918,-1958,-1810,-1667,-1604,-29995,-29996,-29996,-29997,-29997]} 1. e4 c6 2. d4 d5 3. e5 Bf5 4. h4 h5 5. Bd3 Bxd3 6. Qxd3 {B12: Caro-Kann: Advance Variation.} Qa5+ 7. Nd2 {Black should prevent e6!} e6 8. Ngf3 {The position is equal.} Nh6 9. O-O Nf5 10. a4 Qa6 11. c4 {[#]} Bb4 $146 ({Predecessor:} 11... Be7 12. b3 Nd7 13. Ba3 c5 14. dxc5 Nxc5 15. Qb1 dxc4 16. Nxc4 b6 17. Rd1 O-O {½-½ (43) Sunilduth Lyna,N (2637)-Khotenashvili,B (2446) Caleta 2020}) 12. b3 {[%cal Bb2b3,Bb3b4,Bb4b5][%mdl 32]} c5 13. Ba3 Nc6 {[%cal Rc5d4]} 14. dxc5 Bxd2 15. Nxd2 Nxe5 16. Qe2 Ng4 17. b4 O-O (17... Nxh4 $2 18. b5 $16) 18. b5 Qa5 $1 (18... Qxa4 19. c6 $16) 19. cxd5 exd5 20. Qd3 Nxh4 $2 (20... Qc7 $11 21. g3 g6) 21. c6 $1 $36 {[%cal Rc6b7][%mdl 2048] White is on the roll.} Rfe8 {aiming for ...bxc6.} 22. cxb7 Rab8 23. Nb3 ({Don't take} 23. Qxd5 $6 Qc7 $14) 23... Qd8 (23... Qc7 $16 24. Qg3 Qxg3 25. fxg3 Nxg2) 24. Nc5 $2 ({White should play} 24. Rae1 $1 $18) 24... Ng6 (24... Qg5 $1 $11 25. Ra2 d4) 25. Qg3 N4e5 (25... Nf6 $16) 26. Rae1 $18 h4 27. Qe3 (27. Qh3 $1 $18 {and the rest is easy.}) 27... d4 $16 28. Qe4 {Strongly threatening f4.} h3 29. g3 $1 ({Wrong is} 29. gxh3 $2 f5 $1 $19 {[%mdl 512]}) 29... d3 30. Na6 $2 {[%mdl 8192] This move loses the game for White.} (30. Nxd3 $14 {keeps the upper hand.} f5 31. Qxf5) 30... d2 31. Rd1 {[#]} f5 $1 {[%cal Rf5e4][%mdl 512]} 32. Qxf5 $2 ({But not} 32. Qh1 $2 Qd3 $19) (32. Qe2 Qd5 33. f3) 32... Rxb7 $19 33. Qxh3 Nf3+ 34. Kg2 Qd5 35. Nb4 Qe4 36. Qh5 {[#]} Ne1+ $1 {[%mdl 576] Discovered Attack (Double check)} 37. Kh3 Qg2+ {[%mdl 64] Double Attack} 38. Kg4 {Accuracy: White = 56%, Black = 74%.} 0-1

[Event "Clutch Chess International"]
[Site "Saint Louis"]
[Date "2020.06.09"]
[Round "1.10"]
[White "Aronian, Levon"]
[Black "Grischuk, Alexander"]
[Result "1/2-1/2"]
[WhiteElo "2778"]
[BlackElo "2784"]
[Annotator "TA"]
[PlyCount "223"]
[EventDate "2020.06.05"]
[EventType "k.o."]
[EventCountry "USA"]
[SourceTitle "playchess.com"]
[Source "ChessBase"]
[SourceQuality "1"]

{[%evp 14,223,35,33,68,56,60,47,79,43,58,52,65,60,86,85,86,84,89,82,97,94,94,73,66,44,46,44,47,45,43,40,65,72,74,74,74,62,56,17,17,17,66,63,93,31,101,100,113,34,41,35,41,39,51,50,112,110,172,186,166,104,117,0,6,0,0,0,0,-412,-41,-43,-48,-49,-39,-39,-39,-36,-39,-36,-29,-25,-25,-137,-133,-181,-73,-103,-38,-34,-37,-188,-188,-188,-181,-172,-171,-363,-274,-253,-61,-61,-61,-61,-61,-61,-61,-61,-61,-61,-61,-61,-61,-61,-8,-61,-8,-8,-11,-61,-68,-516,-68,-591,-61,-61,-61,-2141,-1804,-5038,-520,-68,-68,-68,-68,-68,-8,-5135,-5128,-5128,-5105,-5091,-596,-592,0,-5076,-5061,-5061,-5061,-4113,-8,-8,-8,-8,0,-8,-8,-8,-8,-3564,-4170,-1712,-1696,-668,-8,-8,-8,-8,-8,-8,-8,-8,-8,-8,-8,-8,0,-8,0,-8,-8,-8,-8,-8,-8,-8,-8,-8,-8,-14,0,0,0,0,0,0,0,0,0,0,0,-8,-8,-8,0,0,0,0,0,-8,-8,-8]} 1. d4 Nf6 2. c4 g6 3. Nc3 Bg7 4. e4 d6 5. Be2 O-O 6. Be3 Na6 7. h4 e5 8. d5 h5 {E73: King's Indian: Averbakh Variation without 6...c5.} 9. Qd2 Nc5 10. f3 Bd7 {[#] White is slightly better.} 11. Bd1 $146 ({Predecessor:} 11. Nh3 a6 12. Nf2 Qe8 13. b4 Na4 14. Nxa4 Bxa4 15. Nd1 Bd7 16. Nc3 {½-½ (63) Behrhorst,F (2335)-Kurz,A (2290) Germany 1987}) 11... a5 12. b3 Qb8 13. Nge2 b5 14. cxb5 Bxb5 15. Nxb5 Qxb5 16. O-O Rfb8 17. Rc1 Kh7 18. Nc3 Qd3 19. Qxd3 Nxd3 20. Rc2 Bh6 21. Bxh6 Kxh6 22. Na4 Ra7 23. Be2 Nb4 24. Rd2 Nd7 25. Rc1 Rbb7 $1 26. Kf2 f5 27. Ke3 f4+ 28. Kf2 g5 29. Rc6 (29. hxg5+ $16 Kxg5 30. g3) 29... Rb8 (29... Nb6 $14 30. hxg5+ Kxg5) 30. hxg5+ $1 $16 Kxg5 31. Rc3 (31. Rc1 $16) 31... Rbb7 32. g3 fxg3+ 33. Kxg3 h4+ 34. Kf2 Ra8 (34... Nf8 $14) 35. Rc1 Nf6 (35... Na6 $16 {might work better.}) 36. Rg1+ $18 Kh6 37. Rh1 (37. Bc4 $18) 37... Kg5 $16 38. Rdd1 (38. a3 $16) 38... Nh5 $1 $11 39. f4+ exf4 {Threatens to win with ...Ng3.} 40. Bxh5 $1 Kxh5 41. Kf3 $2 {[%mdl 8192]} (41. Nc3 $1 $11 {and White is okay.}) 41... Rg8 $2 (41... Nxa2 $19 42. Rb1 Rg8 43. Kxf4 Rg4+ 44. Kf5 Rb4) 42. Rxh4+ $1 $15 Kxh4 43. Rh1+ Kg5 44. Rg1+ Kf6 45. Rxg8 Nxa2 46. Kxf4 {[%mdl 4096] Endgame KRN-KRN} Nc1 47. Rf8+ Ke7 48. Rh8 (48. Rc8 $11) 48... Rxb3 $17 49. Rh7+ Kd8 (49... Kf6 $19 50. Rh6+ Kg7) 50. Kf5 Ne2 (50... Rf3+ $17 51. Ke6 Rf8 52. Rd7+ Kc8) 51. e5 $1 $15 Nd4+ 52. Ke4 $2 (52. Kg6 $15) 52... Rb4 $1 $19 {[%cal Rb4a4]} 53. Rh8+ Kd7 54. Rh7+ Kc8 55. Nc3 $2 (55. Rh8+ {only move.} Kb7 56. exd6 cxd6 57. Nc3) 55... Nb5+ 56. Kd3 Rb3 $2 ({Don't take} 56... dxe5 57. Nxb5 e4+ 58. Ke3 $17) (56... Nxc3 $19 57. Kxc3 dxe5) 57. Rh8+ Kb7 58. e6 $1 {[%cal Re6e7] And now e7 would win.} Rxc3+ $15 {KRN-KR} 59. Kd2 $1 {Strongly threatening e7.} Rc5 60. e7 $1 {[%cal Re7e8]} Rxd5+ 61. Kc2 Re5 62. e8=Q Rxe8 63. Rxe8 {KR-KN} d5 $1 {Threatening ...a4.} 64. Kb3 ({White should try} 64. Rd8 $11) 64... Nd6 $1 {[%cal Rd6e8]} 65. Rd8 $1 Kc6 66. Ra8 Nc4 $1 67. Rh8 $2 {[%mdl 8192]} (67. Kc2 $15) 67... Kb5 $1 $19 68. Rh7 $2 {[%mdl 8192]} (68. Kc3 $15) 68... c6 $2 (68... a4+ $19 69. Kc3 c5 70. Rb7+ Nb6) 69. Rb7+ $15 Kc5 70. Ka4 $2 {[%mdl 8192]} (70. Rg7 $15) 70... d4 $19 71. Kb3 {[#]} Nb6 (71... a4+ $142 $1 72. Kc2 (72. Kxa4 d3) 72... Na5) 72. Ra7 Kb5 73. Kc2 $1 c5 {aiming for ...c4.} 74. Kd3 a4 ({Better is} 74... Nc4 $1 $15 75. Rb7+ Nb6) 75. Rh7 $2 {[%mdl 8192]} (75. Rb7 $11) 75... a3 76. Ra7 Na4 77. Rb7+ Kc6 (77... Ka6 $142 78. Rb1 a2) 78. Ra7 Kb5 (78... Nb2+ $142 79. Kc2 Nc4) 79. Rb7+ Ka6 80. Rb3 Nb2+ 81. Kc2 Nc4 $2 ({Black should play} 81... d3+ $1 $19 82. Kc3 d2 $1 {[%mdl 576] Deflection, Decoy, Promotion} 83. Kxd2 Nc4+ 84. Kd3 a2 85. Kxc4 a1=Q 86. Kxc5 Qe5+ 87. Kc4 Qe6+ 88. Kc3 Qe3+ 89. Kc4 Qe6+ 90. Kb4 Qc6 91. Ra3+ Kb6) 82. Rb8 $11 Ka7 83. Rb1 Ka6 84. Rb8 $1 Na5 {Black wants to play ...c4.} 85. Rb1 c4 86. Rb4 $2 {[%mdl 8192] [#]} (86. Ra1 $11) 86... a2 $1 $19 {[%cal Ra2a1]} 87. Ra4 Kb5 88. Rxa2 {[#]} Nc6 $2 (88... Kb4 $1 $19 {White must now prevent ...d3+.} 89. Kb1 d3) 89. Ra3 $11 {The position is equal.} Kb4 90. Ra8 Kc5 91. Rc8 Kd5 92. Rc7 Ne5 93. Kd2 $1 Ke4 94. Re7 Kd5 95. Rc7 Nc6 96. Kc2 Kd6 97. Rc8 Kc5 98. Rc7 Kd5 99. Rc8 Ne7 100. Rd8+ Kc5 101. Re8 d3+ 102. Kd2 Nd5 103. Rh8 Nf6 104. Rd8 $1 Ne4+ 105. Ke3 Nd6 106. Kd2 Kd5 107. Kc3 Kc6 108. Rh8 Kd5 109. Rh5+ Ke4 110. Rh4+ Ke5 111. Rxc4 {[%mdl 64] Remove Defender} Nxc4 112. Kxd3 {What a fight! Accuracy: White = 66%, Black = 67%.} 1/2-1/2

[Event "Clutch Chess International"]
[Site "Saint Louis"]
[Date "2020.06.08"]
[Round "1.11"]
[White "Vachier-Lagrave, Maxime"]
[Black "So, Wesley"]
[Result "0-1"]
[WhiteElo "2860"]
[BlackElo "2741"]
[Annotator "TA"]
[PlyCount "118"]
[EventDate "2020.06.05"]
[EventType "k.o."]
[EventCountry "USA"]
[SourceTitle "playchess.com"]
[Source "ChessBase"]
[SourceQuality "1"]

{[%evp 13,118,19,22,13,34,11,13,15,33,8,33,40,18,29,36,39,47,35,62,54,47,45,85,84,97,7,10,-36,-19,-19,0,-31,-42,-43,-36,-24,-31,-112,-111,-117,-112,-117,-117,-117,-109,-116,-120,-120,-110,-127,-122,-164,-169,-162,-163,-225,-210,-217,-209,-411,-412,-411,-381,-469,-445,-452,-265,-518,-508,-481,-447,-480,-456,-704,-446,-832,-845,-767,-790,-1122,-1173,-2272,-2222,-2901,-2787,-2951,-3231,-3171,-3251,-2518,-1349,-1388,-1277,-29978,-5916,-29982,-29983,-29983,-29984,-29985,-29986,-29986,-29987,-29987,-29988,-29988,-29989]} 1. e4 e5 2. Nf3 Nc6 3. Bc4 Bc5 4. O-O Nf6 5. d3 d6 6. c3 O-O 7. Nbd2 a6 8. a4 {C54: Giuoco Piano: 4 c3 Nf6, main lines with 5 d4 and 5 d3.} Ba7 9. h3 h6 {is now debated instead of 9...Ne7.} 10. Re1 {The position is equal.} Ne7 11. d4 Ng6 12. Bb3 Re8 13. Bc2 Nh5 14. Nf1 {[%cal Bd2f1,Bf1g3,Bg3f5][%mdl 32]} Nhf4 15. Ng3 {[#]} c6 $5 $146 {[%mdl 8] An interesting novelty.} ({Predecessor:} 15... Nh4 16. Bxf4 exf4 17. Nh5 c5 18. dxc5 Bxc5 19. Nxf4 Qf6 20. Nd5 Nxf3+ 21. Qxf3 Qxf3 22. gxf3 {1-0 (52) Vasquez Schroder,R (2441)-Bachmann,A (2599) chess.com INT 2020}) 16. Be3 Qf6 17. Nf5 Bb8 18. dxe5 dxe5 {[#]} 19. Bb6 (19. g3 $1 $16) 19... a5 $11 20. b4 axb4 21. cxb4 Ne7 {[%cal Re7f5]} 22. Bd8 Bxf5 $40 {[%mdl 128] Black attacks.} 23. exf5 {Qd7 is the strong threat.} Bd6 24. Bxe7 $1 Rxe7 25. g3 {White is on the road to losing.} ({White should try} 25. b5 $15) 25... Nd5 $17 ({Don't play} 25... Nxh3+ $6 26. Kg2 $11) 26. Nh2 Bxb4 27. Ng4 Qd6 {[#]} 28. f6 $1 {[%mdl 512]} Nxf6 {Hoping for ...Nd5.} 29. Qxd6 Bxd6 30. Nxf6+ gxf6 31. Bf5 Bc5 32. a5 Bd4 33. Ra4 {White wants to play Rxd4!} Kf8 34. Kg2 {[#]} (34. Bc2 $142) 34... b5 $1 $19 {[%cal Rb5a4]} 35. Ra2 Rea7 {White must now prevent ...c5.} 36. Rc2 $2 (36. Be4) 36... c5 37. Be4 Rxa5 38. Bxa8 Rxa8 {[%mdl 4096] Endgame KRR-KRB} 39. Kf3 f5 (39... b4 $142 40. Rb1 Ke7) 40. Ke2 $2 (40. Rec1) 40... Ke7 41. Rb1 Ra5 42. g4 Ke6 43. Rb3 (43. gxf5+ $142 Kxf5 44. h4) 43... c4 44. Rb1 (44. gxf5+ $142 Kd5 45. Rb4) 44... f4 45. h4 Kd5 46. g5 h5 47. Rd2 c3 48. Rc2 Kc4 49. Kf3 b4 50. Ke4 b3 51. Rcc1 b2 52. Rxb2 {[#]} Ra1 $1 {[%mdl 512]} 53. Rbc2 (53. Rxa1 cxb2) 53... Rxc1 {[%mdl 64] Overworked Piece} 54. Rxc1 Bxf2 {KR-KB. Black mates.} 55. Rc2 Be3 56. Rg2 Kb3 57. Kd3 {[#]} c2 $1 58. Rxc2 {[#]} e4+ $1 {[%mdl 576] Deflection, Promotion} 59. Kxe4 Kxc2 {Accuracy: White = 47%, Black = 82%.} 0-1

[Event "Clutch Chess International"]
[Site "Saint Louis"]
[Date "2020.06.09"]
[Round "1.11"]
[White "Grischuk, Alexander"]
[Black "Aronian, Levon"]
[Result "1-0"]
[WhiteElo "2784"]
[BlackElo "2778"]
[Annotator "TA"]
[PlyCount "91"]
[EventDate "2020.06.05"]
[EventType "k.o."]
[EventCountry "USA"]
[SourceTitle "playchess.com"]
[Source "ChessBase"]
[SourceQuality "1"]

{[%evp 15,91,8,9,5,4,0,43,20,31,27,48,44,61,43,161,141,181,188,184,0,96,90,107,89,102,91,97,100,99,94,104,99,92,102,164,148,160,152,165,122,164,97,99,101,115,90,91,105,95,88,86,81,77,74,162,139,417,407,400,376,732,714,864,863,12839,12839,12843,12843,12844,12844,12845,12845,12845,12845,12846,12846,12847,12847]} 1. d4 Nf6 2. c4 e6 3. Nc3 Bb4 4. e3 O-O 5. Bd3 c5 6. Nge2 cxd4 7. exd4 d5 8. cxd5 Nxd5 9. Bc2 {E48: Nimzo-Indian: Rubinstein: 5 Bd3 d5 including 6 Ne2, but excluding 6 a3.} Nc6 10. Qd3 {[%csl Gc2][%cal Rd3h7]} Qh4 11. Bg5 {White is slightly better.} Qh5 {[#]} 12. g4 $1 $40 {[%mdl 640] Black needs to defend precisely.} Qg6 (12... Qxg4 13. Qxh7#) 13. Qd2 $1 f5 14. Rg1 $1 {[#]} e5 $146 (14... Qf7 $14) ({Predecessor:} 14... Kh8 15. gxf5 Qf7 16. f6 Nxf6 17. O-O-O Bxc3 18. Nxc3 e5 19. Bb3 Qh5 20. dxe5 Nxe5 {1-0 (27) Auer,M (2311)-Keller,K (2147) Leverkusen 2011}) 15. gxf5 Bxf5 16. Bb3 Be6 {[#] Strongly threatening ...exd4.} 17. Be7 $2 (17. Bh6 $1 $18 Bxc3 18. bxc3) 17... Qf5 (17... Qf7 $1 $11 {remains equal.} 18. Bxf8 Rxf8) 18. Bxf8 $16 (18. Bxd5 $2 Qxf2+ 19. Kd1 Bxd5 $17) 18... Rxf8 19. O-O-O {aiming for Qh6.} (19. Bxd5 $2 Qxf2+ 20. Kd1 Bxd5 $17) 19... Nxc3 {[%csl Gc3][%cal Rf5b1]} 20. Bxe6+ Qxe6 21. bxc3 Ba3+ 22. Kb1 Rxf2 {...exd4 is the strong threat.} 23. d5 {[%mdl 64] Double Attack} Qf5+ 24. Ka1 Na5 (24... Nb8 $16 {was worth a try.}) 25. d6 $18 {And now Qd5+ would win.} Nc6 26. d7 Be7 27. Qd5+ Qf7 28. Ng3 ({White should try} 28. Qe4 $18) 28... Qxd5 $16 29. Rxd5 Kf7 30. Rf1 Rxf1+ 31. Nxf1 {[%mdl 4096] Endgame KRN-KBN} Ke6 32. c4 Bd8 33. Kb2 Nb8 34. Ng3 Nxd7 {[#]} (34... b6 $16) 35. Nf5 $1 $18 Nb6 $2 {[%mdl 8192] Black cannot hold the game after this.} (35... Bc7 $16) 36. Nxg7+ ({Weaker is} 36. Rxd8 Kxf5 37. Kc3 a5 $18) 36... Ke7 37. Nf5+ Ke6 $2 (37... Ke8 38. Rxe5+ Kd7) 38. Rxd8 {White is clearly winning.} Kxf5 {KR-KN} 39. Kc3 Na4+ 40. Kb4 b5 41. cxb5 Nb6 42. a4 {[%cal Ba2a4,Ba4a5,Ba5b6][%mdl 32]} Ke6 43. a5 Nd5+ 44. Kc5 Nf6 45. b6 axb6+ 46. axb6 {Accuracy: White = 86%, Black = 50%.} 1-0

[Event "Clutch Chess International"]
[Site "Saint Louis"]
[Date "2020.06.09"]
[Round "1.11"]
[White "Caruana, Fabiano"]
[Black "Dominguez Perez, Leinier"]
[Result "1/2-1/2"]
[WhiteElo "2773"]
[BlackElo "2786"]
[Annotator "TA"]
[PlyCount "211"]
[EventDate "2020.06.05"]
[EventType "k.o."]
[EventCountry "USA"]
[SourceTitle "playchess.com"]
[Source "ChessBase"]
[SourceQuality "1"]

{[%evp 10,211,2,0,0,-13,-12,-30,-25,-32,-29,-18,-14,-27,0,-49,-35,-45,-34,-49,-42,-38,-50,-57,-63,-64,-58,-81,-35,-46,-49,-61,-15,-25,0,-4,-21,-8,0,0,0,0,0,-89,-38,-45,32,-40,0,-56,30,25,25,26,53,38,114,77,117,118,116,118,127,118,118,104,112,28,130,130,139,93,81,87,95,103,105,66,67,68,101,94,104,94,94,94,95,95,110,111,112,58,110,0,94,94,102,81,81,79,80,14,37,0,112,92,108,65,87,52,81,42,83,86,73,79,107,107,121,124,121,122,122,0,121,121,147,121,121,81,80,80,80,87,80,0,80,80,80,8,8,0,78,72,88,73,107,4,8,0,107,80,92,38,81,25,152,152,150,158,154,88,88,81,263,263,266,248,358,150,150,8,8,8,8,0,0,0,0,0,0,0,0,0,0,0,0,0,0,0,0,0,0,0,0,0,0,0,0,0,0,0,0,0]} 1. d4 Nf6 2. c4 e6 3. g3 d5 4. Bg2 dxc4 5. Qa4+ Nbd7 6. Qxc4 c5 {E03: Open Catalan: 5 Qa4+ Nbd7 6 Qxc4.} 7. Nc3 Nb6 8. Qb5+ Bd7 {Black has an edge.} 9. Qd3 cxd4 10. Qxd4 Rc8 {[#]} 11. Bxb7 $146 ({Predecessor:} 11. Bf4 Rc4 12. Qd3 Qc8 13. Nf3 Bb4 14. Bd2 O-O 15. O-O Rd8 16. Qb1 Bc6 17. a3 Bxf3 18. Bxf3 Rxd2 19. axb4 Rxb4 {0-1 (51) Fourie,L (1548)-February,J (1891) Boksburg 2016}) 11... Bc5 (11... Rc4 $5 {[%cal Rc4d4]} 12. Qd1 Rc7 $11) 12. Qf4 Rb8 $36 {[%mdl 2048] Black has good play.} 13. Bg2 O-O 14. Nf3 Nbd5 15. Nxd5 Nxd5 16. Qe4 Bb4+ {[%mdl 1024] Black has compensation.} 17. Kf1 Qc7 18. h3 Rfc8 (18... f5 {with more complications.} 19. Qb1 Bc5 20. Qc2 Qd6 21. h4 Bb5) 19. Kg1 Bc5 20. e3 Nf6 21. Qc2 Qb6 22. Qd1 Rd8 23. Kh2 Bc6 24. Qe2 $1 Bb5 25. Qe1 $1 Bc6 26. a4 (26. Qe2 $11) 26... Qa6 (26... Be4 $17) 27. Qf1 $15 Bb5 (27... Qb7 $15 28. Nd2 Be7) 28. Qe1 (28. axb5 $14 Qxa1 29. Ne5) 28... Bc6 29. Qf1 $1 {[%cal Rf1a6]} Bb5 (29... Qb7 $1 $15 30. Nd2 h6) 30. axb5 $11 Qxa1 31. Ne5 Rbc8 32. Nc6 Rd7 (32... Qa4 $14) 33. Qc4 $1 $16 {[%cal Rc4c5]} Bb6 {[#]} 34. Ne7+ $1 {[%mdl 576] Discovered Attack} Rxe7 35. Qxc8+ Re8 36. Qc2 Qa5 37. Bc6 {Strongly threatening Bd2.} Rd8 38. Qc3 (38. Rd1 $16) 38... Qa4 (38... Qxc3 $11 39. bxc3 Rd3) 39. b3 $1 {[%cal Rb3a4]} Qa5 40. Qxa5 Bxa5 41. Kg2 Bb6 42. Bb2 Rd2 43. Bd4 Bxd4 44. exd4 $14 {[%mdl 4096] Endgame KRB-KRN} Ra2 45. Rc1 g5 46. Rc4 Ra3 47. Ra4 Rxb3 48. Rxa7 h5 49. Rb7 Kg7 50. Bf3 (50. b6 $16) 50... Kg6 (50... h4 $14) 51. Bc6 Kg7 $1 52. b6 {Threatens to win with Rb8.} Nd5 53. Be8 Rxb6 54. Rxf7+ Kh6 55. Rf3 (55. Kf3 $16) 55... Rd6 56. Rf7 Rd8 (56... Rb6 $11 {remains equal.}) 57. Bc6 Kg6 58. Rb7 Nf6 59. Rb4 Rd6 60. Bf3 g4 61. Be2 Nd5 62. Rc4 Nf6 63. h4 Nd5 64. Bd3+ Kf7 65. Rc5 Nf6 66. Rc4 (66. Rc7+ $16 Kg8 67. Bg6) 66... Rd5 (66... Nd5 $1 $11 {keeps the balance.}) 67. Bc2 $16 Rd6 68. Kf1 Nd5 69. Ke2 Ra6 70. Bd3 Ra2+ 71. Rc2 Ra4 72. Rc4 Ra2+ 73. Ke1 Kf6 74. Rc8 (74. Be4 $16) 74... Ra4 $1 $11 75. Rc4 (75. Rh8 $11) 75... Ra2 $1 $16 76. Bc2 Ne7 77. Kd2 Nf5 78. Kc3 ({White should play} 78. Ra4 $16 Rb2 79. Kc3) 78... Ra3+ $11 79. Kd2 (79. Bb3 $11) 79... Ra2 $16 80. Rb4 Ra3 81. Bb1 (81. Ra4 $16 Rf3 82. Ke1) 81... Rf3 82. Ke2 ({White should try} 82. Ke1 $1 $16) 82... Ra3 (82... Rb3 $1 $11 83. Rxb3 Nxd4+ {[%mdl 64] Double Attack} 84. Ke3 Nxb3) 83. Bxf5 exf5 {KR-KR} 84. Rb6+ Kg7 85. d5 (85. Rc6 $142) 85... Ra5 86. d6 Kf6 $2 {[#]} (86... Kf7 $16 {keeps fighting.}) 87. d7+ $1 $18 Ke7 {[#]} 88. Rd6 $1 Kd8 (88... Re5+ {was worth a try.} 89. Kd2 Kd8) 89. Rd3 (89. Ke3 $18 {and the rest is easy.}) 89... Re5+ $16 90. Re3 (90. Kd2 $16) 90... Ra5 $11 {The position is equal.} 91. Re8+ Kxd7 92. Rh8 f4 93. gxf4 Ke6 94. Rg8 Ra2+ 95. Kf1 Kf5 96. Rf8+ Ke4 {And now ...Kf3 would win.} 97. Kg2 Ra5 98. Rf7 Rb5 99. Rf8 Rf5 100. Rxf5 Kxf5 {K3P-KPP} 101. Kg3 {Intending f3 and mate.} Ke4 102. f5 Kxf5 103. f3 gxf3 104. Kxf3 Ke5 105. Ke3 Kf5 106. Kf3 {White really could win this. Accuracy: White = 71%, Black = 69%.} 1/2-1/2

[Event "Clutch Chess International"]
[Site "Saint Louis"]
[Date "2020.06.08"]
[Round "1.11"]
[White "Xiong, Jeffery"]
[Black "Carlsen, Magnus"]
[Result "1/2-1/2"]
[WhiteElo "2730"]
[BlackElo "2881"]
[Annotator "ChessBase"]
[PlyCount "145"]
[EventDate "2020.06.05"]
[EventType "k.o."]
[EventCountry "USA"]
[SourceTitle "playchess.com"]
[Source "ChessBase"]
[SourceQuality "1"]
[TimeControl "600+5"]

1. e4 {[%emt 0:00:05]} c5 {[%emt 0:00:05]} 2. Nf3 {[%emt 0:00:02]} Nc6 {[%emt 0:00:01]} 3. d4 {[%emt 0:00:03]} cxd4 {[%emt 0:00:01]} 4. Nxd4 {[%emt 0:00:01]} Nf6 {[%emt 0:00:01]} 5. Nc3 {[%emt 0:00:01]} e5 {[%emt 0:00:00]} 6. Ndb5 {[%emt 0:00:00]} d6 {[%emt 0:00:01]} 7. Bg5 {[%emt 0:00:02]} a6 {[%emt 0:00:01]} 8. Na3 {[%emt 0:00:01]} b5 {[%emt 0:00:01]} 9. Bxf6 {[%emt 0:00:01]} gxf6 {[%emt 0:00:01]} 10. Nd5 {[%emt 0:00:03]} Bg7 {[%emt 0:00:05]} 11. Bd3 {[%emt 0:00:13]} Ne7 {[%emt 0:00:02]} 12. Nxe7 {[%emt 0:00:05]} Qxe7 {[%emt 0:00:00]} 13. c4 {[%emt 0:00:24]} f5 {[%emt 0:00:01]} 14. O-O {[%emt 0:00:25]} O-O {[%emt 0:00:03]} 15. Qh5 {[%emt 0:00:09]} d5 {[%emt 0:00:01]} 16. cxd5 {[%emt 0:00:11]} Qd8 {[%emt 0:00:02]} 17. exf5 {[%emt 0:00:09]} Qxd5 {[%emt 0:00:04]} 18. Rad1 {[%emt 0:00:01]} e4 {[%emt 0:00:03]} 19. Bxb5 {[%emt 0:00:01]} Qxf5 {[%emt 0:00:01]} 20. Qxf5 {[%emt 0:00:00]} Bxf5 {[%emt 0:00:00]} 21. Bd7 {[%emt 0:00:01]} Bxd7 {[%emt 0:00:02]} 22. Rxd7 {[%emt 0:00:00]} Bxb2 {[%emt 0:00:01]} 23. Nc4 {[%emt 0:00:00]} Bg7 {[%emt 0:00:00]} 24. Rfd1 {[%emt 0:00:08]} Rac8 {[%emt 0:00:26]} 25. Ne3 {[%emt 0:00:49]} Rc5 {[%emt 0:00:17]} 26. g4 {[%emt 0:00:26]} Ra5 {[%emt 0:00:08]} 27. R1d2 {[%emt 0:01:01]} Bh6 {[%emt 0:00:02]} 28. Re7 {[%emt 0:00:01]} Bxe3 {[%emt 0:00:03]} 29. fxe3 {[%emt 0:00:01]} Rg5 {[%emt 0:00:10]} 30. Rxe4 {[%emt 0:00:10]} f5 {[%emt 0:00:08]} 31. Ra4 {[%emt 0:02:05]} Rxg4+ {[%emt 0:00:02]} 32. Rxg4+ {[%emt 0:00:02]} fxg4 {[%emt 0:00:00]} 33. Rd4 {[%emt 0:00:00]} h5 {[%emt 0:00:27]} 34. Rd5 {[%emt 0:00:06]} Rf3 {[%emt 0:01:10]} 35. Rxh5 {[%emt 0:00:17]} Rxe3 {[%emt 0:00:01]} 36. Rg5+ {[%emt 0:00:01]} Kh7 {[%emt 0:00:24]} 37. Rxg4 {[%emt 0:00:00]} Ra3 {[%emt 0:00:02]} 38. Rg2 {[%emt 0:00:04]} a5 {[%emt 0:00:00]} 39. Kf1 {[%emt 0:00:25]} a4 {[%emt 0:00:04]} 40. Ke1 {[%emt 0:00:26]} Rh3 {[%emt 0:00:19]} 41. Kd2 {[%emt 0:00:18]} Ra3 {[%emt 0:00:09]} 42. Kc1 {[%emt 0:00:03]} Rh3 {[%emt 0:00:02]} 43. Kb2 {[%emt 0:00:04]} Kh6 {[%emt 0:00:09]} 44. Rg3 {[%emt 0:03:36]} Rxh2+ {[%emt 0:00:03]} 45. Ka3 {[%emt 0:00:01]} Kh5 {[%emt 0:00:09]} 46. Rg8 {[%emt 0:00:33]} Rd2 {[%emt 0:00:03]} 47. Ra8 {[%emt 0:00:09]} Kg5 {[%emt 0:00:04]} 48. Rxa4 {[%emt 0:00:00]} Kf5 {[%emt 0:00:02]} 49. Rc4 {[%emt 0:00:17]} Ke5 {[%emt 0:00:03]} 50. Kb3 {[%emt 0:00:01]} Kd6 {[%emt 0:00:49]} 51. a4 {[%emt 0:00:03]} Kd7 {[%emt 0:00:00]} 52. Kb4 {[%emt 0:00:09]} Rb2+ {[%emt 0:00:04]} 53. Ka5 {[%emt 0:00:04]} Rb1 {[%emt 0:00:00]} 54. Ka6 {[%emt 0:00:01]} Rb2 {[%emt 0:00:01]} 55. a5 {[%emt 0:00:01]} Rb1 {[%emt 0:00:01]} 56. Ka7 {[%emt 0:00:02]} Rb5 {[%emt 0:00:01]} 57. a6 {[%emt 0:00:01]} Rb1 {[%emt 0:00:01]} 58. Rh4 {[%emt 0:00:02]} Kc7 {[%emt 0:00:03]} 59. Rh7+ {[%emt 0:00:01]} Kc8 {[%emt 0:00:02]} 60. Rb7 {[%emt 0:00:03]} Rh1 {[%emt 0:00:05]} 61. Rb2 {[%emt 0:00:04]} Rc1 {[%emt 0:00:12]} 62. Rh2 {[%emt 0:00:10]} Rb1 {[%emt 0:00:03]} 63. Rh6 {[%emt 0:00:03]} Kc7 {[%emt 0:00:04]} 64. Rh7+ {[%emt 0:00:02]} Kc8 {[%emt 0:00:01]} 65. Rb7 {[%emt 0:00:01]} Rh1 {[%emt 0:00:04]} 66. Ka8 {[%emt 0:00:01]} Ra1 {[%emt 0:00:05]} 67. Rb6 {[%emt 0:00:05]} Kc7 {[%emt 0:00:03]} 68. Rh6 {[%emt 0:00:02]} Rb1 {[%emt 0:00:05]} 69. Rh7+ {[%emt 0:00:15]} Kc8 {[%emt 0:00:02]} 70. Rh8+ {[%emt 0:00:02]} Kc7 {[%emt 0:00:01]} 71. Rh7+ {[%emt 0:00:01]} Kc8 {[%emt 0:00:01]} 72. Rh8+ {[%emt 0:00:01]} Kc7 {[%emt 0:00:01]} 73. Rh7+ {[%emt 0:00:00]} 1/2-1/2